| 000 | 00380nam a2200133Ia 4500 | ||
|---|---|---|---|
| 005 | 20251222143234.0 | ||
| 008 | 251222s9999||||xx |||||||||||||| ||spa|| | ||
| 020 | _a978-603-4002-28-9 | ||
| 082 | _a657.2/G63 | ||
| 100 | _aGómez Aguirre, Antonio | ||
| 245 | 0 | _aInformación que Deben Contener los Nuevos Libros y/o Registros Contables | |
| 264 | _bGaceta Jurídica | ||
| 942 | _cLIB | ||
| 999 |
_c14316 _d14316 |
||